Every NBA Hall of Famer to play for 4+ Teams - Statistics

General Stats
  • This quiz has been taken 10 times
  • The average score is 3 of 11
Answer Stats
Answer % Correct
Shaquille O’neal
100%
Allen Iverson
50%
Ray Allen
50%
Dennis Rodman
33%
Tracy McGrady
17%
Vince Carter
17%
Dikembe Mutombo
0%
Dominique Wilkins
0%
George Gervin
0%
Pete Maravich
0%
Robert Parish
0%
No matching quizzes found
Score Distribution
Percent of People with Each Score
Percentile by Number Answered
Your Score History
You have not taken this quiz